Ley orgánica de la suprema corte de justicia y No. 156-97 que dispone que suprema corte de justicia estará integrada por dieciseís (16) jueces (Registro nro. 5811)
[ vista simple ]
| 000 -LEADER | |
|---|---|
| fixed length control field | 00545nam a22001691a 4500 |
| 001 - CONTROL NUMBER | |
| control field | 5811 |
| 003 - CONTROL NUMBER IDENTIFIER | |
| control field | OSt |
| 005 - DATE AND TIME OF LATEST TRANSACTION | |
| control field | 20260204212029.0 |
| 008 - FIXED-LENGTH DATA ELEMENTS--GENERAL INFORMATION | |
| fixed length control field | 060211s1997||||dr ||||||b||||||||||spa|| |
| 050 ## - LIBRARY OF CONGRESS CALL NUMBER | |
| Classification number | RD 347.035 R299l |
| 110 ## - ASIENTO PRINCIPAL -- NOMBRE CORPORATIVO | |
| Corporate name or jurisdiction name as entry element | República Dominicana |
| 245 ## - TÍTULO PROPIAMENTE DICHO: SUBTÍTULO | |
| Title | Ley orgánica de la suprema corte de justicia y No. 156-97 que dispone que suprema corte de justicia estará integrada por dieciseís (16) jueces |
| 264 ## - PRODUCTION, PUBLICATION, DISTRIBUTION, MANUFACTURE, AND COPYRIGHT NOTICE | |
| Place of production, publication, distribution, manufacture | Santo Domingo: Congreso Nacional |
| 300 ## - PHYSICAL DESCRIPTION | |
| Extensión | 7 p |
| 650 ## - ASIENTO SECUNDARIO DE MATERIA -- TERMINO TEMÁTICO | |
| Termino Temático Como Elemento de Entrada | 1.Corte Suprema 2.Ley No. 25-91Ì |
| 942 ## - ADDED ENTRY ELEMENTS (KOHA) | |
| Source of classification or shelving scheme | Dewey Decimal Classification |
| Koha item type | Libros |
| Withdrawn status | Lost status | Source of classification or shelving scheme | Damaged status | Not for loan | Current library | Date acquired | Total Checkouts | Full call number | Barcode | Date last seen | Price effective from | Koha item type |
|---|---|---|---|---|---|---|---|---|---|---|---|---|
| Dewey Decimal Classification | Biblioteca UTECO | 09/09/2019 | RD 347.035 R299L | 010431 | 09/09/2019 | 09/09/2019 | Libros |
